Flagi Europy - Statystyki

Ogólne statystyki
  • Ten quiz został rozwiązany 23 razy
  • Średni wynik to 35 z 62
Statystyki odpowiedzi
Obrazkowy Odpowiedź % Poprawnych
Hiszpania
80%
Polska
80%
Portugalia
80%
Grecja
75%
Macedonia Północna
75%
Monako
75%
Niemcy
75%
Norwegia
75%
Turcja
75%
Wielka Brytania
75%
Albania
70%
Belgia
70%
Cypr
70%
Czechy
70%
Francja
70%
Rosja
70%
Rumunia
70%
Słowacja
70%
Szwajcaria
70%
Szwecja
70%
Ukraina
70%
Wlochy
70%
Chorwacja
65%
Finlandia
65%
Irlandia
65%
Serbia
65%
Słowenia
65%
Austria
60%
Białoruś
60%
Dania
60%
Estonia
60%
Kosowo
60%
Luksemburg
60%
San Marino
60%
Bułgaria
55%
Czarnogóra
55%
Gruzja
55%
Holandia
55%
Islandia
55%
Kazachstan
55%
Łotwa
55%
Malta
55%
Watykan
55%
Armenia
50%
Bośnia i Hercegowina
50%
Litwa
50%
Węgry
50%
Andora
45%
Azerbejdżan
45%
Mołdawia
45%
Wyspy Owcze
45%
Liechtenstein
40%
Grenlandia
35%
Gibraltar
30%
Cypr Północny
25%
Jersey
25%
Osetia Południowa
25%
Wyspa Man
25%
Guernsey
20%
Naddniestrze
20%
Wyspy Alandzkie
20%
Abchazja
15%
Nie znaleziono quizów pasujących do podanych kryteriów
Rozkład punktacji
Procent ludzi z każdym wynikiem
Percentyl według liczby udzielonych odpowiedzi
Twoja historia wyników
Nie rozwiązałeś tego quizu